000
00253nam a22001097a 4500
008
160622b xxu||||| |||| 00| 0 eng d
100
_9
463
_a
Emerson, R, W
245
_a
Emerson's Essays
260
_a
NEW YORK
300
_a
Emerson, R, W
942
_2
ddc
_c
BK
999
_c
384
_d
384